[Event "Bikaner op 1st"]
[Site "Bikaner"]
[Date "2022.10.09"]
[Round "10"]
[White "Masango, Spencer"]
[Black "Kushagra, Mohan"]
[Result "0-1"]
[WhiteElo "2124"]
[BlackElo "2395"]
[PlyCount "88"]
[EventDate "2022.10.01"]
[EventType "swiss"]
[EventRounds "10"]
[EventCountry "IND"]
[SourceTitle "CBM 210 Extra"]
[Source "ChessBase"]
[SourceDate "2022.11.30"]
[SourceVersion "1"]
[SourceVersionDate "2022.11.30"]
[SourceQuality "1"]

1. Nf3 f5 2. d4 Nf6 3. Bg5 e6 4. Nbd2 Be7 5. e3 b6 6. Bd3 Bb7 7. Bxf6 Bxf6 8. e4 g6 9. exf5 exf5 10. 0-0 0-0 11. c3 d6 12. Qb3+ Kg7 13. Rfe1 c5 14. Re6 Qc7 15. Rae1 Nc6 16. h4 Rad8 17. Ng5 Bc8 18. Ndf3 Bxg5 19. Nxg5 h6 20. Ba6 hxg5 21. Bxc8 Rxc8 22. h5 gxh5 23. Qd5 Rf7 24. dxc5 bxc5 25. Qd2 Ne5 26. Rxd6 Qe7 27. Rd5 Nc4 28. Rxe7 Nxd2 29. Rxf7+ Kxf7 30. Rxd2 Ke6 31. c4 a5 32. b3 h4 33. Rd5 g4 34. Kh2 Kf6 35. Rd6+ Kg5 36. Rd2 Re8 37. g3 h3 38. Rb2 f4 39. gxf4+ Kxf4 40. Rd2 Kf3 41. Rd5 Kxf2 42. Rf5+ Ke3 43. Kg3 Rh8 44. Kh2 g3+ 0-1

[Event "Raipur Chhattisgarh"]
[Site "Raipur"]
[Date "2022.09.21"]
[Round "3"]
[White "Priyankara, Chamil Y"]
[Black "Masango, Spencer"]
[Result "0-1"]
[WhiteElo "1874"]
[BlackElo "2192"]
[PlyCount "62"]
[EventDate "2022.09.19"]
[EventType "swiss"]
[EventRounds "10"]
[EventCountry "IND"]
[SourceTitle "CBM 210 Extra"]
[Source "ChessBase"]
[SourceDate "2022.11.30"]
[SourceVersion "1"]
[SourceVersionDate "2022.11.30"]
[SourceQuality "1"]

1. d4 Nf6 2. Nf3 g6 3. c4 Bg7 4. Nc3 d5 5. Bg5 Ne4 6. Bh4 Nxc3 7. bxc3 dxc4 8. e3 Be6 9. Qb1 b6 10. Ng5 Bd5 11. e4 h6 12. Nh3 Bb7 13. Bxc4 c5 14. 0-0 cxd4 15. Rd1 0-0 16. cxd4 Qd7 17. Bg3 Nc6 18. d5 Ne5 19. Bb5 Qd6 20. Qb3 Rac8 21. f4 Ng4 22. e5 Qc5+ 23. Kh1 Qc3 24. Bd7 Ne3 25. Bxc8 Rxc8 26. Qxc3 Rxc3 27. d6 exd6 28. exd6 Bxg2+ 29. Kg1 Nxd1 30. Rxd1 Bxh3 31. d7 Bxd7 0-1

[Event "Olympiad-44"]
[Site "Chennai"]
[Date "2022.08.07"]
[Round "9.2"]
[White "Masango, Spencer"]
[Black "Diaz Rosas, Julio Cesar"]
[Result "0-1"]
[WhiteElo "2170"]
[BlackElo "2328"]
[PlyCount "79"]
[EventDate "2022.07.29"]
[EventType "team-swiss"]
[EventRounds "11"]
[EventCountry "IND"]
[SourceTitle "CBM 210"]
[Source "ChessBase"]
[SourceDate "2022.10.31"]
[SourceVersion "1"]
[SourceVersionDate "2022.10.31"]
[SourceQuality "1"]
[WhiteTeam "Zimbabwe"]
[BlackTeam "Mexico"]
[WhiteTeamCountry "ZIM"]
[BlackTeamCountry "MEX"]

1. Nf3 d5 2. g3 Nf6 3. Bg2 e6 4. 0-0 Be7 5. d4 0-0 6. c4 dxc4 7. Ne5 Nc6 8. Bxc6 bxc6 9. Nxc6 Qd7 10. Nxe7+ Qxe7 11. Qc2 c5 12. dxc5 Qxc5 13. Be3 Qh5 14. f3 Bb7 15. Qxc4 Rfc8 16. Qa4 Bc6 17. Qh4 Qxh4 18. gxh4 Nd5 19. Kf2 Rab8 20. b3 Rb4 21. Bxa7 Rxh4 22. Rh1 Nb4 23. a3 Nd5 24. Nd2 Bb7 25. Nc4 Ba6 26. Ne3 Nf4 27. Ra2 Rc3 28. Rd2 h6 29. Rb2 Bxe2 30. Rxe2 Nxe2 31. Kxe2 Rxb3 32. Bc5 f5 33. Bb4 Rh3 34. Bd6 Rb2+ 35. Ke1 Rxf3 36. Nd1 Ra2 37. h4 Rd3 38. Be5 Raxa3 39. Ke2 Rd5 40. Bc7 0-1

[Event "Olympiad-44"]
[Site "Chennai"]
[Date "2022.07.31"]
[Round "3.2"]
[White "Cruz, Cristhian"]
[Black "Masango, Spencer"]
[Result "1-0"]
[WhiteElo "2579"]
[BlackElo "2170"]
[PlyCount "65"]
[EventDate "2022.07.29"]
[EventType "team-swiss"]
[EventRounds "11"]
[EventCountry "IND"]
[SourceTitle "CBM 210"]
[Source "ChessBase"]
[SourceDate "2022.10.31"]
[SourceVersion "1"]
[SourceVersionDate "2022.10.31"]
[SourceQuality "1"]
[WhiteTeam "Peru"]
[BlackTeam "Zimbabwe"]
[WhiteTeamCountry "PER"]
[BlackTeamCountry "ZIM"]

1. d4 Nf6 2. c4 g6 3. Nc3 d5 4. cxd5 Nxd5 5. e4 Nxc3 6. bxc3 Bg7 7. Bg5 0-0 8. Rc1 c5 9. d5 Qa5 10. Qd2 b5 11. Nf3 b4 12. cxb4 cxb4 13. Nd4 e5 14. Nb3 Qb6 15. Be7 Re8 16. Bxb4 Bh6 17. Qxh6 Qxb4+ 18. Nd2 Nd7 19. Be2 Nf6 20. Qe3 Bd7 21. f3 Nh5 22. a3 Qa5 23. g3 Bh3 24. Kf2 f5 25. exf5 Bxf5 26. g4 e4 27. fxe4 Qd8 28. gxf5 Qh4+ 29. Kf1 Nf4 30. Qg3 Qh6 31. h4 Rac8 32. Kf2 Nh5 33. Qg5 1-0

[Event "Online Olym Div2 C"]
[Site "Chess.com INT"]
[Date "2021.09.03"]
[Round "5.1"]
[White "Masango, Spencer"]
[Black "Aleksandrov, Aleksej"]
[Result "0-1"]
[WhiteElo "2101"]
[BlackElo "2525"]
[PlyCount "86"]
[EventDate "2021.09.02"]
[EventType "team (rapid)"]
[EventRounds "9"]
[EventCountry "USA"]
[SourceTitle "CBM 204 Extra"]
[Source "ChessBase"]
[SourceDate "2021.11.30"]
[SourceVersion "1"]
[SourceVersionDate "2021.11.30"]
[SourceQuality "1"]
[WhiteTeam "Zimbabwe"]
[BlackTeam "Belarus"]
[WhiteTeamCountry "ZIM"]
[BlackTeamCountry "BLR"]

1. Nf3 Nf6 2. d4 d5 3. c4 e6 4. g3 dxc4 5. Bg2 Nc6 6. 0-0 Rb8 7. a4 a6 8. b3 cxb3 9. Qxb3 Be7 10. e3 0-0 11. Nc3 b6 12. Rd1 Bb7 13. Ba3 Na5 14. Qc2 Bxa3 15. Rxa3 Qe7 16. Raa1 c5 17. Rab1 cxd4 18. Rxd4 Qc5 19. Qb2 Rfc8 20. Ne2 Nc4 21. Qb4 Be4 22. Qxc5 Rxc5 23. Rbd1 Kf8 24. Nd2 Nxd2 25. R1xd2 Bxg2 26. Kxg2 Ke7 27. Rb2 e5 28. Rdb4 Nd5 29. R4b3 a5 30. Rd2 Nb4 31. Ng1 f6 32. Nf3 Rbc8 33. Nh4 g6 34. Rb1 Rc1 35. Rbb2 R8c2 36. Nf3 Rxb2 37. Rxb2 Rc2 38. Rb3 Kd6 39. Ne1 Ra2 40. Nd3 Rxa4 41. Nb2 Ra2 42. Nc4+ Kc5 43. Rc3 Rc2 0-1

[Event "Chennai op 12th"]
[Site "Chennai"]
[Date "2020.01.19"]
[Round "3"]
[White "Masango, Spencer"]
[Black "Taher, Yoseph Theolifus"]
[Result "0-1"]
[WhiteElo "2173"]
[BlackElo "2462"]
[PlyCount "88"]
[EventDate "2020.01.18"]
[EventType "swiss"]
[EventRounds "10"]
[EventCountry "IND"]
[SourceTitle "CBM 194 Extra"]
[Source "ChessBase"]
[SourceDate "2020.03.31"]
[SourceVersion "1"]
[SourceVersionDate "2020.03.31"]
[SourceQuality "1"]

1. Nf3 g6 2. e4 c5 3. Bc4 Bg7 4. 0-0 Nc6 5. Re1 Nf6 6. e5 Ng4 7. Bxf7+ Kxf7 8. Ng5+ Kg8 9. Qxg4 Nxe5 10. Qf4 Qf8 11. d4 Qxf4 12. Bxf4 Nc6 13. Nc3 cxd4 14. Nd5 e5 15. Bg3 d6 16. c3 Bf5 17. cxd4 Nxd4 18. Rac1 h6 19. Ne4 Bxe4 20. Rxe4 Kh7 21. Rc7 Rhc8 22. f4 Rxc7 23. Nxc7 Rc8 24. fxe5 dxe5 25. Nd5 Rc1+ 26. Re1 Ne2+ 27. Kf2 Rxe1 28. Kxe1 Nxg3 29. hxg3 e4 30. b3 Bd4 31. Ke2 Kg7 32. g4 Kf7 33. a3 Ke6 34. Nf4+ Kf6 35. a4 g5 36. Nh5+ Ke5 37. Ng3 Bc5 38. Nf5 h5 39. g3 a5 40. Ke1 hxg4 41. Nh6 Kd4 42. Nxg4 Bd6 43. Ke2 Bxg3 44. Ne3 Bc7 0-1

[Event "New Delhi Parsvnath op-A 18th"]
[Site "New Delhi"]
[Date "2020.01.12"]
[Round "5"]
[White "Vasquez Schroder, Rodrigo Rafael"]
[Black "Masango, Spencer"]
[Result "1-0"]
[WhiteElo "2487"]
[BlackElo "2173"]
[PlyCount "53"]
[EventDate "2020.01.09"]
[EventType "swiss"]
[EventRounds "10"]
[EventCountry "IND"]
[SourceTitle "CBM 194 Extra"]
[Source "ChessBase"]
[SourceDate "2020.03.31"]
[SourceVersion "1"]
[SourceVersionDate "2020.03.31"]
[SourceQuality "1"]

1. d4 d5 2. c4 c6 3. Nf3 Nf6 4. e3 g6 5. Bd3 Bg7 6. 0-0 0-0 7. Nbd2 Nbd7 8. h3 Re8 9. cxd5 cxd5 10. b3 Qa5 11. Bb2 b5 12. a3 Bb7 13. b4 Qb6 14. Qe2 a6 15. Nb3 Ne4 16. Nc5 Ndf6 17. Nd2 Nd6 18. Rfb1 Nc4 19. Bc3 e5 20. dxe5 Nxe5 21. Ndb3 Re7 22. Na5 Bc6 23. Bd4 Nc4 24. Bxc4 dxc4 25. Ne6 Rxe6 26. Bxb6 Be4 27. Bd4 1-0

[Event "Mumbai Wealth op 5th"]
[Site "Mumbai"]
[Date "2020.01.07"]
[Round "9"]
[White "Masango, Spencer"]
[Black "Sahoo, Utkal Ranjan"]
[Result "0-1"]
[WhiteElo "2181"]
[BlackElo "2329"]
[PlyCount "98"]
[EventDate "2019.12.30"]
[EventType "swiss"]
[EventRounds "9"]
[EventCountry "IND"]
[SourceTitle "CBM 194 Extra"]
[Source "ChessBase"]
[SourceDate "2020.03.31"]
[SourceVersion "1"]
[SourceVersionDate "2020.03.31"]
[SourceQuality "1"]

1. Nf3 d5 2. c4 d4 3. g3 c5 4. b4 cxb4 5. a3 f6 6. Bg2 e5 7. 0-0 Na6 8. e3 Ne7 9. exd4 e4 10. Ne1 Qxd4 11. Nc2 Qxc4 12. axb4 f5 13. Ra3 Ng6 14. d3 Qd5 15. Qe1 Qf7 16. dxe4 f4 17. e5 Nc7 18. e6 Nxe6 19. Nd4 Bd6 20. Bd5 Be5 21. Nxe6 Bxe6 22. Bxe6 Qxe6 23. gxf4 Qf5 24. Qe2 Nxf4 25. Bxf4 Qxf4 26. Qb5+ Kf8 27. Rg3 Rd8 28. Re1 Bd4 29. Qe2 Qf7 30. Rf3 Bf6 31. Nc3 h5 32. Ne4 Rh6 33. Kh1 Qd5 34. Nc3 Qf7 35. Ne4 Rg6 36. Rf5 h4 37. Qf3 Kg8 38. Nc5 b6 39. Ne4 a6 40. Qf4 Qb7 41. f3 Qf7 42. Nf2 Qa2 43. Ng4 h3 44. Rg1 Bh4 45. Rh5 Rd1 46. Qb8+ Bd8 47. Qg3 Rxg1+ 48. Qxg1 Rc6 49. Nf2 Qd2 0-1

[Event "Mumbai Wealth op 5th"]
[Site "Mumbai"]
[Date "2019.12.30"]
[Round "1"]
[White "Masango, Spencer"]
[Black "Mirzoev, Azer"]
[Result "0-1"]
[WhiteElo "2181"]
[BlackElo "2457"]
[PlyCount "84"]
[EventDate "2019.12.30"]
[EventType "swiss"]
[EventRounds "9"]
[EventCountry "IND"]
[SourceTitle "CBM 194 Extra"]
[Source "ChessBase"]
[SourceDate "2020.03.31"]
[SourceVersion "1"]
[SourceVersionDate "2020.03.31"]
[SourceQuality "1"]

1. Nf3 d5 2. g3 c6 3. Bg2 Bg4 4. h3 Bh5 5. 0-0 Nd7 6. d3 e5 7. c4 dxc4 8. dxc4 Ngf6 9. Nc3 Qc7 10. Be3 Bc5 11. Qd2 0-0 12. Bxc5 Nxc5 13. Qe3 Nfd7 14. Rad1 f5 15. b4 Ne6 16. Qd2 Rf7 17. Ng5 Nxg5 18. Qxg5 Bg6 19. h4 Nf8 20. h5 h6 21. Qh4 Bh7 22. c5 Rf6 23. Qc4+ Kh8 24. b5 Bg8 25. Qb4 a5 26. Qa3 e4 27. Rd6 Ne6 28. bxc6 bxc6 29. g4 Nf4 30. Rfd1 Qe7 31. Qc1 fxg4 32. Rxf6 Qxf6 33. Nxe4 Nxe2+ 34. Kf1 Nxc1 35. Nxf6 Bc4+ 36. Ke1 Nd3+ 37. Rxd3 Bxd3 38. Nxg4 Re8+ 39. Kd2 Be4 40. f3 Bd5 41. a3 Rb8 42. Kc2 Rb5 0-1

[Event "Chennai op 11th"]
[Site "Chennai"]
[Date "2019.01.19"]
[Round "3"]
[White "Masango, Spencer"]
[Black "Shyam, Nikil P"]
[Result "0-1"]
[WhiteElo "2168"]
[BlackElo "2446"]
[PlyCount "86"]
[EventDate "2019.01.18"]
[EventType "swiss"]
[EventRounds "10"]
[EventCountry "IND"]
[SourceTitle "CBM 188 Extra"]
[Source "ChessBase"]
[SourceDate "2019.02.26"]
[SourceVersion "1"]
[SourceVersionDate "2019.02.26"]
[SourceQuality "1"]

1. Nf3 b6 2. g3 Bb7 3. Bg2 g6 4. 0-0 Bg7 5. c4 c5 6. Nc3 Nf6 7. d4 cxd4 8. Qxd4 d6 9. Rd1 Nbd7 10. Be3 0-0 11. Qh4 Rc8 12. Rac1 Re8 13. b3 Qc7 14. Nd5 Qb8 15. Bd4 e5 16. Bb2 Nxd5 17. cxd5 Rxc1 18. Bxc1 Qc7 19. Qa4 a6 20. Ba3 b5 21. Qb4 Nc5 22. Qh4 h6 23. Rc1 Qa5 24. Bxc5 dxc5 25. e4 Qxa2 26. Rxc5 Qa5 27. Bh3 Qb6 28. Rc1 Qd6 29. Ne1 h5 30. g4 Bf6 31. Qg3 Bg5 32. Rc2 Qb4 33. Re2 h4 34. Nc2 Qxe4 35. Rxe4 hxg3 36. Nb4 gxh2+ 37. Kxh2 Rc8 38. Kg2 a5 39. Nc6 Rxc6 40. dxc6 Bxc6 41. Kf3 a4 42. bxa4 bxa4 43. Bf1 f5 0-1

[Event "New Delhi Parsvnath op-A 17th"]
[Site "New Delhi"]
[Date "2019.01.10"]
[Round "2"]
[White "Masango, Spencer"]
[Black "Deepan Chakkravarthy, J."]
[Result "0-1"]
[WhiteElo "2168"]
[BlackElo "2543"]
[PlyCount "56"]
[EventDate "2019.01.09"]
[EventType "swiss"]
[EventRounds "10"]
[EventCountry "IND"]
[SourceTitle "CBM 188 Extra"]
[Source "ChessBase"]
[SourceDate "2019.02.26"]
[SourceVersion "1"]
[SourceVersionDate "2019.02.26"]
[SourceQuality "1"]

1. Nf3 b6 2. g3 Bb7 3. Bg2 g6 4. 0-0 Bg7 5. c4 c5 6. Nc3 Nc6 7. a3 d6 8. b4 e6 9. Bb2 Nge7 10. e3 0-0 11. bxc5 dxc5 12. Qe2 h6 13. d3 Qd7 14. Ne4 f5 15. Nc3 e5 16. Nd5 Nxd5 17. cxd5 Qxd5 18. d4 cxd4 19. exd4 e4 20. Nh4 Kh7 21. g4 Rae8 22. gxf5 gxf5 23. Qh5 Qf7 24. Qxf7 Rxf7 25. d5 Bxb2 26. dxc6 Bxc6 27. Ra2 Bd4 28. Rd1 Bc5 0-1

[Event "Olympiad-43"]
[Site "Batumi"]
[Date "2018.09.27"]
[Round "4.47"]
[White "Masango, Spencer"]
[Black "Pasko, Llambi"]
[Result "0-1"]
[WhiteElo "2121"]
[BlackElo "2386"]
[PlyCount "80"]
[EventDate "2018.09.24"]
[EventType "team-swiss"]
[EventRounds "11"]
[EventCountry "GEO"]
[SourceTitle "CBM 187"]
[Source "ChessBase"]
[SourceDate "2018.12.11"]
[SourceVersion "1"]
[SourceVersionDate "2018.12.11"]
[SourceQuality "1"]
[WhiteTeam "Zimbabwe"]
[BlackTeam "Albania"]
[WhiteTeamCountry "ZIM"]
[BlackTeamCountry "ALB"]

1. Nf3 Nf6 2. c4 g6 3. Nc3 Bg7 4. e4 d6 5. d4 0-0 6. Be2 e5 7. 0-0 Nbd7 8. Re1 c6 9. Be3 Re8 10. dxe5 dxe5 11. h3 Qc7 12. Qd2 Bf8 13. Nh2 Nc5 14. Qc2 Ne6 15. Rad1 Bg7 16. b4 Nd4 17. Qc1 Be6 18. c5 a5 19. b5 Qe7 20. Bg5 h6 21. Bxf6 Bxf6 22. bxc6 bxc6 23. Nf3 Bg7 24. Na4 Bxa2 25. Nd2 Qg5 26. Bc4 Bxc4 27. Qxc4 Red8 28. Nb6 Ra7 29. Kf1 Qe7 30. Nb3 Kh7 31. Nxd4 exd4 32. e5 Bxe5 33. Re4 Qc7 34. Qe2 Bg7 35. h4 a4 36. h5 d3 37. hxg6+ fxg6 38. Rxd3 a3 39. Rxd8 Qxd8 40. Qa2 Qd3+ 0-1

[Event "Matola zt 4.3"]
[Site "Matola"]
[Date "2018.04.08"]
[Round "1.8"]
[White "Masango, Spencer"]
[Black "Mwale, Joseph"]
[Result "1-0"]
[WhiteElo "2043"]
[BlackElo "2212"]
[PlyCount "54"]
[EventDate "2018.04.08"]
[EventType "swiss"]
[EventRounds "9"]
[EventCountry "MOZ"]
[SourceTitle "EXT 2024"]
[Source "ChessBase"]
[SourceDate "2023.10.10"]
[SourceVersion "1"]
[SourceVersionDate "2023.10.10"]
[SourceQuality "1"]

1. Nf3 Nf6 2. c4 e6 3. g3 d5 4. Bg2 dxc4 5. 0-0 Bd7 6. Qc2 Bc6 7. Qxc4 Be7 8. Nc3 0-0 9. d4 Nbd7 10. Bg5 h6 11. Bxf6 Nxf6 12. Rfe1 Bd5 13. Nxd5 exd5 14. Qb3 Rb8 15. Rac1 Ne4 16. Ne5 Bf6 17. Bxe4 dxe4 18. Ng4 Bxd4 19. Rcd1 h5 20. Nh6+ gxh6 21. e3 Qf6 22. Rxd4 Rfe8 23. h4 a6 24. Rc1 Re7 25. Qd1 Kh8 26. Rcc4 Rf8 27. Qxh5 Qg6 1-0

[Event "Bhopal op"]
[Site "Bhopal"]
[Date "2017.12.26"]
[Round "8"]
[White "Atalik, Suat"]
[Black "Masango, Spencer"]
[Result "1-0"]
[WhiteElo "2545"]
[BlackElo "2253"]
[PlyCount "41"]
[EventDate "2017.12.21"]
[EventType "swiss"]
[EventRounds "10"]
[EventCountry "IND"]
[SourceTitle "CBM 183"]
[Source "ChessBase"]
[SourceDate "2018.03.14"]
[SourceVersion "1"]
[SourceVersionDate "2018.03.14"]
[SourceQuality "1"]

1. d4 Nf6 2. c4 e6 3. Nc3 Bb4 4. f3 d5 5. a3 Bxc3+ 6. bxc3 0-0 7. cxd5 exd5 8. e3 b6 9. Bd3 Ba6 10. Ne2 Bxd3 11. Qxd3 c5 12. 0-0 Nc6 13. e4 c4 14. Qb1 Qe8 15. e5 Nd7 16. Nf4 Ne7 17. Re1 Rd8 18. a4 Nb8 19. Nh5 Qc6 20. Bg5 Rde8 21. Nxg7 1-0

[Event "South African op"]
[Site "Durban"]
[Date "2017.07.20"]
[Round "9"]
[White "Oatlhotse, Providence"]
[Black "Masango, Spencer"]
[Result "0-1"]
[WhiteElo "2190"]
[BlackElo "2203"]
[PlyCount "142"]
[EventDate "2017.07.14"]
[EventType "swiss"]
[EventRounds "11"]
[EventCountry "RSA"]
[SourceTitle "CBM 179 Extra"]
[Source "ChessBase"]
[SourceDate "2017.08.23"]
[SourceVersion "1"]
[SourceVersionDate "2017.08.23"]
[SourceQuality "1"]

1. d4 Nf6 2. c4 e6 3. Nf3 d5 4. Nc3 Be7 5. Bg5 Ne4 6. Bxe7 Qxe7 7. e3 Nxc3 8. bxc3 0-0 9. cxd5 exd5 10. Qb3 c6 11. Bd3 a5 12. a4 Nd7 13. 0-0 b6 14. Rfb1 Rb8 15. Ra2 Bb7 16. Rab2 g6 17. Qc2 Ba8 18. Re1 Qd6 19. Nd2 c5 20. Bb5 cxd4 21. cxd4 Rbc8 22. Qb1 Bc6 23. Qa2 Bxb5 24. Rxb5 Nf6 25. Nf3 Ne4 26. Qb3 Rc3 27. Qb2 Qa3 28. Rxb6 Qxa4 29. Rb8 Rc2 30. Rxf8+ Kxf8 31. Qb8+ Qe8 32. Qb7 a4 33. Qxd5 Nc3 34. Qb7 Qb5 35. Qa8+ Kg7 36. h4 Ne2+ 37. Kh2 Nc1 38. Ne5 Nb3 39. Qa7 Rxf2 40. Qe7 Qd5 41. e4 Qe6 42. Qxe6 fxe6 43. Re3 Nxd4 44. Ra3 Rf4 45. Rxa4 Rxe4 46. Ra7+ Kf6 47. Nd7+ Kf5 48. g3 Re2+ 49. Kh3 h5 50. Ra3 Rf2 51. Ra5+ Ke4 52. Re5+ Kd3 53. Rg5 Nf3 54. Ne5+ Nxe5 55. Rxe5 Rf6 56. g4 Kd4 57. Re1 Rf3+ 58. Kg2 Re3 59. Rd1+ Rd3 60. Re1 e5 61. Ra1 hxg4 62. Ra4+ Ke3 63. Rxg4 Rd6 64. Kg3 e4 65. Rg5 Kd3 66. Kf4 e3 67. Rg3 Re6 68. Rh3 Kd2 69. h5 gxh5 70. Rxh5 e2 71. Rd5+ Kc3 0-1

[Event "South African op"]
[Site "Durban"]
[Date "2017.07.16"]
[Round "4"]
[White "Subke, Jason James"]
[Black "Masango, Spencer"]
[Result "0-1"]
[WhiteElo "1932"]
[BlackElo "2203"]
[PlyCount "88"]
[EventDate "2017.07.14"]
[EventType "swiss"]
[EventRounds "11"]
[EventCountry "RSA"]
[SourceTitle "CBM 179 Extra"]
[Source "ChessBase"]
[SourceDate "2017.08.23"]
[SourceVersion "1"]
[SourceVersionDate "2017.08.23"]
[SourceQuality "1"]

1. e4 e5 2. Bc4 Nc6 3. Nf3 Bc5 4. 0-0 Nf6 5. d3 d6 6. Bg5 h6 7. Bh4 Bg4 8. Nbd2 g5 9. Bg3 Nh5 10. c3 Qf6 11. b4 Bb6 12. a4 a6 13. Qe2 Nxg3 14. hxg3 h5 15. b5 Ne7 16. bxa6 h4 17. axb7 Rb8 18. d4 Qh6 19. gxh4 Ng6 20. Qe3 Nxh4 21. Nxh4 Qxh4 22. f3 exd4 23. cxd4 Qg3 24. Rf2 Qh2+ 25. Kf1 Qh1+ 26. Ke2 Qxa1 27. fxg4 Qxd4 28. Qxd4 Bxd4 29. Rxf7 Rxb7 30. Rf5 Rb2 31. Rxg5 Bc3 32. Rd5 Rh2 33. Ke3 Rxg2 34. Bb5+ Ke7 35. Nc4 Rg3+ 36. Kf4 Rbg2 37. Rg5 Bf6 38. Rg6 Rc3 39. g5 Rf2+ 40. Kg4 Rg2+ 41. Kh4 Bd4 42. Rh6 Kf7 43. Rh7+ Kg6 44. Rh6+ Kg7 0-1

[Event "Livingstone FIDE zt 4.3"]
[Site "Livingstone"]
[Date "2017.06.15"]
[Round "7"]
[White "Masango, Spencer"]
[Black "Chumfwa, Stanley"]
[Result "1/2-1/2"]
[WhiteElo "2187"]
[BlackElo "2291"]
[PlyCount "63"]
[EventDate "2017.06.10"]
[EventType "swiss"]
[EventRounds "9"]
[EventCountry "ZAM"]
[SourceTitle "EXT 2020"]
[Source "ChessBase"]
[SourceDate "2019.10.17"]
[SourceVersion "1"]
[SourceVersionDate "2019.10.17"]
[SourceQuality "1"]

1. Nf3 Nf6 2. c4 g6 3. Nc3 Bg7 4. e4 d6 5. d4 0-0 6. Be2 e5 7. 0-0 Nc6 8. d5 Ne7 9. b4 a5 10. Ba3 axb4 11. Bxb4 Nd7 12. a4 Bh6 13. Ne1 f5 14. Nd3 Nf6 15. Bf3 f4 16. c5 g5 17. h3 Ng6 18. cxd6 cxd6 19. Nb5 g4 20. hxg4 Ne8 21. Qe2 Rf7 22. Rac1 Bf8 23. g3 fxg3 24. fxg3 Bd7 25. Kg2 Rg7 26. Bd2 h6 27. g5 Be7 28. Bh5 Bxg5 29. Bxg6 Bxd2 30. Qxd2 Rxg6 31. Rh1 Bxb5 32. axb5 1/2-1/2

[Event "Livingstone FIDE zt 4.3"]
[Site "Livingstone"]
[Date "2017.06.10"]
[Round "1"]
[White "Masango, Spencer"]
[Black "Abrantes, Persson"]
[Result "1-0"]
[WhiteElo "2187"]
[BlackElo "2010"]
[PlyCount "61"]
[EventDate "2017.06.10"]
[EventType "swiss"]
[EventRounds "9"]
[EventCountry "ZAM"]
[SourceTitle "EXT 2020"]
[Source "ChessBase"]
[SourceDate "2019.10.17"]
[SourceVersion "1"]
[SourceVersionDate "2019.10.17"]
[SourceQuality "1"]

1. Nf3 Nf6 2. c4 d6 3. d4 g6 4. Nc3 Bg7 5. e4 0-0 6. Be2 Bg4 7. h3 Bxf3 8. Bxf3 e5 9. d5 Nbd7 10. 0-0 h6 11. Be3 Re8 12. b4 g5 13. c5 Nf8 14. Rc1 a6 15. a4 Ng6 16. cxd6 Qxd6 17. b5 Rad8 18. Ne2 axb5 19. axb5 Nh4 20. Ng3 Qd7 21. b6 cxb6 22. Bxb6 Rc8 23. Rxc8 Rxc8 24. Bg4 Nxg4 25. Qxg4 Qxg4 26. hxg4 Bf8 27. Rb1 Bd6 28. Ba7 Bc5 29. Bxc5 Rxc5 30. Rxb7 Rc4 31. Kh2 1-0

[Event "Johannesburg PSS IM"]
[Site "Johannesburg"]
[Date "2017.04.30"]
[Round "7"]
[White "Masango, Spencer"]
[Black "Amonatov, Farrukh"]
[Result "0-1"]
[WhiteElo "2232"]
[BlackElo "2632"]
[PlyCount "64"]
[EventDate "2017.04.26"]
[EventType "tourn"]
[EventRounds "9"]
[EventCountry "RSA"]
[EventCategory "4"]
[SourceTitle "CBM 178 Extra"]
[Source "ChessBase"]
[SourceDate "2017.06.22"]
[SourceVersion "1"]
[SourceVersionDate "2017.06.22"]
[SourceQuality "1"]

1. Nf3 c5 2. g3 Nc6 3. Bg2 g6 4. 0-0 Bg7 5. c4 d6 6. Nc3 Nf6 7. d4 cxd4 8. Nxd4 Bd7 9. b3 0-0 10. Bb2 a6 11. e4 Rb8 12. a4 Qb6 13. Nde2 Na5 14. Nd5 Nxd5 15. Bxg7 Kxg7 16. Qxd5 Bg4 17. Nc1 e5 18. Ra3 Rfc8 19. Qd2 Be6 20. h4 h5 21. Kh2 Bxc4 22. bxc4 Nxc4 23. Qa2 Nxa3 24. Qxa3 Rc2 25. Na2 Rbc8 26. Nb4 Rxf2 27. a5 Qd4 28. Rxf2 Qxf2 29. Nd3 Qd4 30. Ne1 Qc3 31. Qxc3 Rxc3 32. Bh3 Rc5 0-1

[Event "Johannesburg PSS IM"]
[Site "Johannesburg"]
[Date "2017.04.28"]
[Round "5"]
[White "Masango, Spencer"]
[Black "Sriram, Jha"]
[Result "1/2-1/2"]
[WhiteElo "2232"]
[BlackElo "2396"]
[PlyCount "95"]
[EventDate "2017.04.26"]
[EventType "tourn"]
[EventRounds "9"]
[EventCountry "RSA"]
[EventCategory "4"]
[SourceTitle "CBM 178 Extra"]
[Source "ChessBase"]
[SourceDate "2017.06.22"]
[SourceVersion "1"]
[SourceVersionDate "2017.06.22"]
[SourceQuality "1"]

1. Nf3 c5 2. g3 Nc6 3. Bg2 g6 4. 0-0 Bg7 5. c4 d6 6. Nc3 Bf5 7. d3 Qd7 8. Re1 Bh3 9. Bh1 h6 10. Rb1 Nf6 11. a3 0-0 12. b4 e5 13. Nd2 Rac8 14. bxc5 dxc5 15. Nde4 Nxe4 16. Nxe4 Qe7 17. Nc3 b6 18. Nd5 Qd6 19. Bg2 Bxg2 20. Kxg2 f5 21. e3 Rce8 22. Bb2 e4 23. Bxg7 Kxg7 24. dxe4 Rxe4 25. Nf4 Qf6 26. Qa4 Na5 27. Rbc1 Qf7 28. Red1 Nxc4 29. Rxc4 Rxc4 30. Qc6 Rxf4 31. gxf4 Re8 32. Rd6 Re7 33. Kf3 Kh7 34. Rd8 Rc7 35. Qa8 Kg7 36. Qb8 h5 37. a4 c4 38. Kg3 Kh7 39. Rh8+ Kg7 40. Rd8 Re7 41. a5 Qf6 42. Rh8 Qf7 43. axb6 axb6 44. Rc8 Qe6 45. Rh8 Qf7 46. Rc8 Qd5 47. Rh8 Qf7 48. Rc8 1/2-1/2